Classical Composers - Statistics

General Stats
  • This quiz has been taken 78 times
  • The average score is 17 of 28
Answer Stats
Answer % Correct
Wolfgang Amadeus Mozart
100%
Ludwig Van Beethoven
98%
Johann Sebastian Bach
92%
Johannes Brahms
82%
Antonio Vivaldi
81%
Peter Tchaikovsky
81%
Joseph Haydn
76%
George Frideric Handel
74%
Franz Schubert
71%
Frederic Chopin
71%
Giuseppe Verdi
69%
Franz Liszt
66%
Richard Wagner
66%
Giacomo Puccini
61%
Felix Mendelssohn
60%
Richard Strauss
60%
Edward Grieg
56%
Gioachino Rossini
56%
Igor Stravinsky
56%
Claude Debussy
55%
Antonin Dvorak
48%
Georges Bizet
47%
Niccolo Paganini
34%
George Gershwin
32%
Aaron Copland
31%
Johann Pachelbel
31%
Leonard Bernstein
24%
Giovanni Pacini
2%
No matching quizzes found
Score Distribution
Percent of People with Each Score
Percentile by Number Answered
Your Score History
You have not taken this quiz